| 000 | 01126cab a2200253 4500 | ||
|---|---|---|---|
| 001 | ABS38925 | ||
| 008 | 090401t1988 xxu||||| |||| 00| 0 eng d | ||
| 035 | _a(Sirsi) u13361 | ||
| 041 | _aeng | ||
| 100 | _aStorey, I. | ||
| 245 | _aProperty points: the Housing Bill 1988 | ||
| 260 | _c1988 | ||
| 350 | _a0 | ||
| 490 |
_aLaw Society`s Gazette _v85(11) 16 March 1988, 30-34(3) |
||
| 520 | _aThe Housing Bill currently passing through Parliament will remove much of the protection enjoyed by private sector tenants under the Rent Act 1977 with regard to security of tenure and rent control. This article examines the proposed changes, with particular reference to the provisions introducing a `new style` assured tenancy. | ||
| 650 | _aPROPERTY-LANDLORD AND TENANT-TENANCIES-AGRICULTURAL TENANCIES | ||
| 650 | _aEVICTION | ||
| 650 | _aPROPERTY-RESIDENTIAL PROPERTY-RESIDENTIAL LANDLORD AND TENANT-RESIDENTIAL TENANCIES | ||
| 650 | _aSTATUTORY TENANCIES | ||
| 650 | _aSUCCESSION | ||
| 690 | _aPROPERTY-RESIDENTIAL PROPERTY-RESIDENTIAL LANDLORD AND TENANT-RESIDENTIAL TENANCIES | ||
| 942 | _n0 | ||
| 948 | _c04/03/1997 | ||
| 999 |
_c8614 _d8614 |
||